[Event "2018 Spring Chess Classic B"]
[Site "Saint Louis"]
[Date "2018.03.06"]
[Round "1"]
[White "Fier, Alexander"]
[Black "Ali Marandi, Cemil Can"]
[Result "1/2-1/2"]
[WhiteElo "2582"]
[BlackElo "2538"]
[Annotator "TA"]
[PlyCount "60"]
[EventDate "2018.??.??"]
[EventType "tourn"]
[EventCountry "USA"]

{[%evp 22,60,24,25,47,21,29,17,14,20,27,0,6,0,28,0,10,14,17,13,26,17,24,26,22,25,34,22,22,17,50,8,8,5,4,4,9,18,7,-57,-64]} 1. c4 c6 2. Nf3 Nf6 3. g3 g6 4. b3 Bg7 5. Bb2 O-O 6. Bg2 d5 7. d3 Bg4 8. Nbd2 Nbd7 9. O-O Re8 10. h3 Bxf3 {A11: English Opening: 1...c6} 11. Nxf3 (11. Bxf3 e5 12. cxd5 cxd5 13. Bg2 a5 14. Rc1 Nb8 15. Nb1 Bh6 16. Rc5 Qb6 17. Rxd5 Nxd5 18. Bxd5 Nd7 19. Nc3 {½-½ (41) Shimanov,A (2646)-Zherebukh,Y (2621) Saint Louis 2017}) 11... e6 12. Qc2 {LiveBook: 4 Games} Nh5 {White has an edge.} 13. Rac1 $146 ({Predecessor:} 13. Bxg7 Nxg7 14. Rac1 Qe7 15. Rfe1 dxc4 16. Qxc4 e5 17. b4 Nf5 18. Qb3 {½-½ (43) Korpa,B (2474)-Frolov,A (2413) Budapest 2016}) 13... a5 14. a3 Bxb2 15. Qxb2 Qf6 16. Qd2 Qe7 17. Qb2 Qf6 18. Qa2 Qe7 19. Rc2 Ng7 {[%cal Bh5g7,Bg7e6,Be6c5,Bc5a4,Ba4b2][%mdl 32]} 20. Rb1 Qd6 21. Qb2 e5 22. cxd5 cxd5 23. Rbc1 Ne6 24. e3 Nec5 25. Rd1 a4 26. bxa4 (26. d4 {feels hotter.} Nxb3 27. dxe5 Nxe5 28. Nd2 Nxd2 29. Rdxd2 Ra5 30. Kh2) 26... Nxa4 27. Qb4 Qxb4 28. axb4 Rec8 29. Rxc8+ Rxc8 30. Nd2 (30. Ra1 $11 Nc3 31. Ra7) 30... Nb2 {Precision: White = 35%, Black = 55%.} 1/2-1/2

[Event "2018 Spring Chess Classic B"]
[Site "Saint Louis"]
[Date "2018.03.06"]
[Round "1"]
[White "Khachiyan, Melikset"]
[Black "Shtembuliak, Evgeny"]
[Result "1/2-1/2"]
[WhiteElo "2525"]
[BlackElo "2507"]
[Annotator "TA"]
[PlyCount "70"]
[EventDate "2018.??.??"]
[EventType "tourn"]
[EventCountry "USA"]
[SourceTitle "playchess.com"]
[Source "ChessBase"]
[SourceQuality "1"]

{[%evp 16,70,41,-31,-15,-4,0,0,22,21,13,19,28,33,28,20,31,35,34,34,32,0,0,0,12,0,0,0,8,0,0,-35,0,-46,-59,-45,-31,-29,-3,-60,0,-20,0,2,9,0,0,-14,-14,-15,-8,-8,0,0,0,0,0]} 1. e4 e6 2. d4 d5 3. Nc3 Nf6 4. Bg5 dxe4 5. Nxe4 Be7 6. Bxf6 gxf6 7. Nf3 f5 8. Nc3 a6 {C13: French: Classical System: 4 Bg5 Be7, Alekhine-Chatard Attack} 9. d5 {LiveBook: 3 Games} (9. g3 $14) (9. Qd2 b5 10. O-O-O b4 11. Na4 Qd5 12. b3 Bd7 13. Bc4 Qd6 14. d5 e5 15. Rhe1 e4 16. Nd4 {1-0 (40) Carlsen,M (2832)-Grischuk,A (2750) chess.com INT 2017}) 9... c6 {[%cal Rc6d5]} 10. dxe6 Qxd1+ $146 ({Find the theoretical novelty and annotate with similar games:} 10... Bxe6 11. Bd3 Qb6 12. O-O Nd7 13. Qe1 Rg8 14. a3 Nc5 15. Qe3 f4 16. Qxf4 Nxd3 17. cxd3 {0-1 (39) Ivanov,V (2157)-Raessler,A (2334) ICCF email 2014}) 11. Rxd1 {Hoping for exf7+.} fxe6 12. Bd3 Bf6 13. O-O {[%cal Bh1f1,Bf1e1,Be1e5][%mdl 32]} Kf7 14. Rfe1 b5 15. Ne5+ Bxe5 16. Rxe5 Nd7 17. Ree1 Rd8 18. Ne2 Nb6 19. Nf4 c5 {[%cal Bc6c5,Bc5c4][%mdl 32]} 20. Be2 Rxd1 21. Rxd1 Ke7 22. Bf3 Ra7 23. Nd3 Nd7 24. Bc6 c4 25. Ne1 Ne5 26. Bf3 $1 Rc7 27. c3 (27. Be2 $11) 27... Rc5 (27... Nd7 $15) 28. Kf1 {The position is equal.} Ng6 29. g3 e5 30. Bh5 Bb7 31. Bxg6 hxg6 32. h4 Rc8 33. Ke2 Be4 34. Ke3 Ke6 35. a3 Rh8 {Precision: White = 40%, Black = 38%.} 1/2-1/2

[Event "2018 Spring Chess Classic B"]
[Site "Saint Louis"]
[Date "2018.03.06"]
[Round "1"]
[White "Kannapan, Priyadharshan"]
[Black "Mikhalevski, Victor"]
[Result "1/2-1/2"]
[WhiteElo "2513"]
[BlackElo "2557"]
[Annotator "TA"]
[PlyCount "105"]
[EventDate "2018.??.??"]
[EventType "tourn"]
[EventCountry "USA"]
[SourceTitle "playchess.com"]
[Source "ChessBase"]
[SourceQuality "1"]

{[%evp 19,105,0,0,0,0,-1,36,22,28,0,0,-9,-3,-18,-19,-19,-21,-12,-12,-49,-53,-37,-41,-60,-9,-64,-46,-61,-66,-90,-73,-126,-123,-110,0,-60,-49,-50,0,-49,0,-123,-119,-101,-67,-120,-125,-170,-131,-180,-169,-250,-254,-230,-220,-220,-210,-248,-241,-233,-246,-243,-229,-237,-234,-202,-72,-69,-79,-116,-35,-25,0,0,0,0,0,0,0,0,0,0,0,0,0,-5,0,0]} 1. c4 Nf6 2. Nc3 d5 3. cxd5 Nxd5 4. g3 g6 5. Bg2 Nxc3 6. bxc3 Bg7 7. Ba3 {A16: English Opening: 1...Nf6 with ...d5} (7. Rb1 Nc6 8. Nf3 O-O 9. Qa4 Qd7 10. d4 Nxd4 11. Qxd7 Nxf3+ 12. Bxf3 Bxd7 13. Rxb7 Bxc3+ 14. Bd2 Be5 15. Bf4 Bxf4 16. gxf4 {½-½ (28) Topalov,V (2749)-Mamedyarov,S (2800) Paris 2017}) 7... Nd7 8. Nf3 c5 9. Qa4 Qc7 10. O-O O-O {LiveBook: 3 Games} 11. d4 b6 {[%cal Bb7b6,Bb6b5][%mdl 32]} 12. e4 $146 ({Find the theoretical novelty and annotate with similar games:} 12. Rad1 Bb7 13. d5 Bxc3 14. Bc1 Bg7 {½-½ (50) Nisipeanu,L (2611)-Nijboer,F (2540) Wijk aan Zee 2000}) 12... e5 13. Rad1 Rb8 14. d5 b5 15. Qc2 Qa5 16. Bc1 Nb6 17. Be3 Na4 18. Rc1 c4 19. Rfd1 Bg4 20. h3 Bd7 21. Qd2 Rbc8 (21... Qc7 $15) 22. Ne1 (22. h4 $11) 22... f6 23. Kh2 Rfe8 24. h4 Bf8 $1 25. Bh3 (25. d6 $142) 25... Bxh3 $17 26. Kxh3 Bd6 ({Better is} 26... Ba3 $17 27. Rc2 Red8) 27. Qc2 (27. h5 $11) 27... Qc7 28. Kg2 a5 29. Nf3 (29. h5 $5) 29... Qd7 30. Nd2 (30. h5 $11 {keeps the balance.}) 30... f5 $1 {[%cal Rf5f4]} 31. f3 h5 32. exf5 (32. Re1 $15) 32... gxf5 33. Bg5 Rf8 34. Nf1 Nc5 35. Ne3 (35. Be3 $142) 35... e4 $19 36. Rf1 f4 37. gxf4 Bxf4 38. fxe4 Bxe3 39. Bxe3 {aiming for Rxf8+.} Qg4+ 40. Kh2 Qxh4+ 41. Kg1 Nxe4 42. Qg2+ {[#]} Qg4 (42... Kh7 $1 $19 {White must now prevent ...Ng3.} 43. a3 {[#]} (43. Rxf8 $2 Rxf8 44. Rf1 Rxf1+ 45. Kxf1 Qf6+ 46. Kg1 Nxc3 $19) 43... Nxc3 $1 {[%mdl 512]} 44. Qc2+ (44. Rxc3 $2 Rg8 $19) 44... Ne4) 43. Qxg4+ $17 hxg4 44. Rfe1 Rfe8 (44... Rf5 $17 45. Bb6 Nd2) 45. Bb6 $1 $15 Nf6 46. d6 {The position is equal.} Nd7 47. Bxa5 Kf7 48. Bc7 Rxe1+ 49. Rxe1 {Hoping for Re7+.} Re8 50. Rf1+ Ke6 {White should prevent ...Ra8.} 51. Re1+ Kf7 52. Rf1+ Ke6 53. Re1+ {Precision: White = 42%, Black = 55%.} 1/2-1/2

[Event "2018 Spring Chess Classic B"]
[Site "Saint Louis"]
[Date "2018.03.06"]
[Round "1"]
[White "Chandra, Akshat"]
[Black "Gorovets, Andrey"]
[Result "1-0"]
[WhiteElo "2490"]
[BlackElo "2496"]
[Annotator "TA"]
[PlyCount "103"]
[EventDate "2018.??.??"]
[EventType "tourn"]
[EventCountry "USA"]
[SourceTitle "playchess.com"]
[Source "ChessBase"]
[SourceQuality "1"]

{[%evp 20,103,41,34,37,42,33,49,68,34,31,33,28,0,38,37,38,41,47,47,47,45,43,36,35,34,133,141,141,142,156,148,190,147,151,152,147,147,145,143,162,159,458,458,457,457,456,456,456,456,659,7,14,0,695,697,546,236,236,236,418,403,384,375,360,332,512,507,531,507,703,631,29979,29980,29979,29980,29982,29983,29986,29987,29987,29988,29988,29987,29990,1349]} 1. e4 d6 2. d4 Nf6 3. Nc3 e5 4. Nf3 Nbd7 5. Bc4 Be7 6. a4 O-O 7. O-O c6 8. Re1 a5 9. h3 Nb6 {C41: Philidor Defence} (9... Re8 10. Ba2 Bf8 11. Be3 Qc7 12. Ng5 Re7 13. f4 b6 14. fxe5 dxe5 15. d5 cxd5 16. exd5 {1-0 (16) Wang,H (2709)-Ivanchuk,V (2726) Huaian 2017}) 10. Bd3 Nfd7 11. Bf1 {LiveBook: 6 Games} Re8 {White is slightly better.} 12. b3 $146 ({Find the theoretical novelty and annotate with similar games:} 12. Be3 Bf8 13. Qd2 exd4 14. Nxd4 Nc5 15. Bg5 Be7 16. Bf4 Bf8 17. Bg5 Be7 18. Bf4 Bf8 19. Bg5 {½-½ (19) Palac,M (2569)-Markus,R (2609) Bol 2014}) 12... exd4 13. Nxd4 Bf6 14. Bb2 d5 15. Qd2 Bg5 16. Qd1 Bf6 17. Re2 Nc5 {[%cal Rd5e4]} 18. exd5 Rxe2 19. Bxe2 Nxd5 20. Nxd5 Qxd5 21. Bc4 Qg5 {Threatening ...Bxh3.} 22. Nf3 Qf4 {[#]} (22... Qf5 $1 $14) 23. Be5 $1 $16 {[%cal Re5f4][%mdl 512]} Qf5 {[#]} (23... Bxe5 24. Qd8#) 24. Qd6 $1 {[%cal Rd6c5]} b6 25. Rd1 $40 {[%mdl 128] White wants to mate with Qd8+! White goes for the king.} (25. Qxc6 $6 Bb7 $14) 25... Be6 26. Bxf6 ({Don't take} 26. Qxc6 Rc8 $16) 26... Qxf6 27. Bxe6 ({Don't play} 27. Qxc6 $6 Rc8 $14) 27... Nxe6 28. Qxc6 Rb8 29. Rd6 Qa1+ 30. Kh2 Qf1 $2 (30... h6 $16 {keeps fighting.} 31. Qe4 Qc3) 31. Rxe6 $18 fxe6 32. Qxe6+ {[%mdl 4096] Endgame KQR-KQN} Kh8 33. Ne5 {Threatening mate with Nf7+.} h6 34. Nf7+ Kg8 (34... Kh7 $142 35. Qf5+ Kg8 36. Nxh6+ gxh6 37. Qg6+ Kf8 38. Qd6+ (38. Qxh6+ Ke7 $11) 38... Kf7 39. Qf4+ Ke6 40. Qxb8 Qxf2 41. Qe8+ Kd6 42. Qg6+ Kc5 43. Qxh6 Qxc2 44. Qf8+ Kd4 45. Qg7+ Kd5 46. Qb7+ Ke5 47. Qb8+ Kf5 48. Qxb6 Qd2 49. Qc5+ Ke6) 35. Ng5+ $2 ({White must play} 35. Nxh6+ $18 Kh7 36. Nf7) 35... Kh8 $11 36. Nf7+ $2 {[%mdl 8192]} (36. Qe5 $11 Rf8 37. Ne6) 36... Kg8 $18 37. Nxh6+ Kh7 38. Qf5+ (38. Nf7 $142 Qc1 39. Qf5+ g6 40. Qf6) 38... Kxh6 39. Qf4+ g5 $2 (39... Kh7 40. Qxb8 Qxf2) 40. Qd6+ ({Not} 40. Qxb8 Qxf2 41. Qd6+ Kh7 $18) 40... Kh7 41. Qxb8 Qxf2 {KQ-KQ} 42. Qc7+ Kh6 (42... Kg6 $142 43. Qc6+ Kf5 44. Qd7+ Kg6 45. Qe6+ Kg7 46. Qe5+ Kg6 47. Qe6+ Kh7) 43. c3 {[%cal Bc2c3,Bc3b4,Bb4a5,Ba5a6,Ba6a7][%mdl 32]} Qe3 44. b4 axb4 45. cxb4 Qf2 46. a5 {White mates.} bxa5 47. bxa5 Qe2 48. Qd6+ Kh5 49. a6 Qa2 50. a7 g4 51. hxg4+ Kh4 52. Qf6+ {Precision: White = 65%, Black = 50%.} (52. Qd8+ $142 Kxg4 53. a8=Q Qxa8 54. Qxa8 Kf5 55. Qe8 Kf6 56. g4 Kg7 57. g5) 1-0

[Event "2018 Spring Chess Classic B"]
[Site "Saint Louis"]
[Date "2018.03.06"]
[Round "1"]
[White "Grabinsky, Aaron"]
[Black "Liang, Awonder"]
[Result "1/2-1/2"]
[WhiteElo "2375"]
[BlackElo "2570"]
[Annotator "TA"]
[PlyCount "164"]
[EventDate "2018.??.??"]
[EventType "tourn"]
[EventCountry "USA"]
[SourceTitle "playchess.com"]
[Source "ChessBase"]
[SourceQuality "1"]

{[%evp 21,164,19,17,16,11,-18,30,0,0,0,0,-13,0,0,0,0,0,-10,-7,-24,0,0,11,-14,-16,-25,-20,-20,-18,-20,-19,-30,-37,-27,-27,-34,-29,-52,-43,-40,-24,-23,-19,-37,-33,-58,-18,-11,-12,-12,-14,-11,-16,-21,-16,-41,-25,-56,-8,-18,10,0,0,0,0,-33,-8,-27,-27,-73,58,58,235,241,347,347,339,332,394,394,394,394,394,394,387,370,654,654,654,654,628,543,654,543,654,612,605,559,543,536,536,536,536,536,536,536,475,244,244,244,244,244,244,244,244,0,244,244,244,244,244,244,244,237,237,237,237,237,237,180,180,144,144,144,144,144,144,144,144,144,144,21,21,21,21]} 1. Nf3 Nf6 2. g3 b6 3. Bg2 Bb7 4. c4 e6 5. O-O Be7 6. b3 O-O 7. Bb2 d5 8. cxd5 exd5 9. d4 Nbd7 10. Nc3 Re8 11. Rc1 Bf8 {LiveBook: 15 Games. E17: Queen's Indian: 4 g3 Bb7 5 Bg2 Be7} 12. e3 (12. Qc2 a6 13. Rfd1 Rc8 14. e3 Qe7 15. Ne5 Qe6 16. Ne2 c6 17. Nf4 Qd6 18. Bh3 Rc7 19. b4 {½-½ (39) Leko,P (2691)-Bacrot,E (2725) Riadh 2017}) 12... Rc8 13. Ne5 $146 ({Find the theoretical novelty and annotate with similar games:} 13. Re1 Ne4 14. Bh3 Nxc3 15. Bxc3 Ra8 16. Qd3 g6 17. Rc2 Bg7 18. Bb2 c6 19. Rec1 f5 20. Bg2 Rc8 21. Ba3 Qf6 22. h4 h6 23. Bh3 Bf8 24. Bxf8 Rxf8 25. b4 {½-½ (25) Jimenez Matos,J (1943)-Nieto Rodriguez,A (2108) Santo Domingo 2015}) 13... c6 14. Nxd7 Qxd7 15. Qd3 g6 16. Rfd1 Bg7 17. Ba3 Rcd8 18. Qc2 h5 19. h4 Bh6 20. Re1 Qc7 21. Rcd1 Bg7 22. Bb2 Bc8 {[%cal Bb7c8,Bc8f5,Bf5c2][%mdl 32]} 23. e4 dxe4 24. Nxe4 Nd5 25. Ng5 {And now Rxe8+ would win.} Bf5 26. Qd2 Qd7 27. Rxe8+ Rxe8 28. Re1 Bf8 29. a3 Rxe1+ 30. Qxe1 Bc2 (30... a5 {NOTEXT} 31. Nf3 f6 32. Nd2 Kf7 33. Qe2 Qe6) 31. b4 Qe7 32. Qxe7 Nxe7 33. Nf3 f6 34. d5 Nxd5 35. Nd4 $1 {[%csl LRc2,LRc6]} Ba4 36. b5 Nc7 37. bxc6 Kf7 38. Ne2 Bb3 39. Nc3 b5 40. Bc1 $1 Bd6 41. Be3 a6 42. Bb6 {Black must now prevent Bxc7.} Ne8 43. Ba5 Ke7 44. Nd5+ Ke6 45. Nc3 Bxa3 (45... Bc7 $17 46. Bb4 a5) 46. c7 $1 $14 {[%cal Rc7c8]} Nd6 $2 {[#]} ({Black should try} 46... Nxc7 $1 $14 47. Bxc7 b4) 47. Bb7 $1 $18 {[%mdl 512] Strongly threatening Ne4.} Ke7 (47... Kd7 {was worth a try.} 48. Bxa6 b4) (47... Nxb7 48. c8=Q+) 48. c8=Q Nxc8 49. Bxc8 b4 {[#]} 50. Nb1 $1 Bc4 51. Nxa3 bxa3 52. f4 a2 53. Bc3 f5 $2 (53... a5 54. Kf2 f5) 54. Kf2 Kd6 {White should prevent ...Kc7.} 55. Ke3 Kc5 56. Kd2 a5 57. Kc2 Bf7 58. Ba6 Kd5 59. Bd3 Kc5 60. Kb2 a4 61. Bc2 Kc4 {...a3+! is the strong threat.} 62. Bf6 Kb4 63. Bd3 a3+ 64. Ka1 (64. Kc2 $142 Bb3+ 65. Kd2) 64... Kc5 65. Be2 Bd5 66. Ba6 Kb6 67. Bf1 Kc5 68. Bd3 Bf7 69. Bc2 Bd5 70. Bd1 Kb4 71. Be7+ Kc3 72. Bxa3 Kd2 73. Ba4 Ke3 74. Be8 Kf3 75. Bxg6 Kxg3 76. Bxh5 Kxh4 77. Bd1 Kg3 78. Bd6 Bf7 79. Kb2 Be6 80. Be5 Bf7 81. Kc1 (81. Bc2 $16 Be6 82. Ka1) 81... a1=Q+ $11 82. Bxa1 {Threatens to win with Be5.} Kxf4 {Precision: White = 57%, Black = 57%.} 1/2-1/2

[Event "2018 Spring Chess Classic B"]
[Site "Saint Louis"]
[Date "2018.03.07"]
[Round "2"]
[White "Liang, Awonder"]
[Black "Fier, Alexander"]
[Result "1/2-1/2"]
[WhiteElo "2570"]
[BlackElo "2582"]
[Annotator "TA"]
[PlyCount "96"]
[EventDate "2018.??.??"]
[EventType "tourn"]
[EventCountry "USA"]
[SourceTitle "playchess.com"]
[Source "ChessBase"]
[SourceQuality "1"]

{[%evp 19,96,10,20,-6,-10,0,49,40,42,42,55,46,45,58,96,97,79,72,80,82,84,85,88,33,40,37,37,44,66,56,103,50,50,53,45,46,44,0,49,49,52,53,53,47,51,40,47,48,66,49,77,29,41,33,106,8,0,0,0,-26,0,0,0,0,0,-4,0,0,0,0,0,0,0,0,0,0,0,0,0]} 1. e4 c5 2. Nf3 Nc6 3. Bb5 g6 4. Bxc6 bxc6 5. O-O Bg7 6. Re1 Nh6 7. h3 {B31: Sicilian: 2...Nc6 3 Bb5 g6} O-O 8. c3 f5 9. e5 Nf7 10. d3 (10. d4 cxd4 11. cxd4 Bb7 12. Na3 c5 13. dxc5 Rc8 14. Be3 Bxf3 15. Qxf3 Nxe5 {½-½ (29) Wang,H (2702)-Gelfand,B (2729) Tbilisi 2017}) 10... Rb8 {LiveBook: 12 Games} 11. Qa4 Qc7 {[%cal Rf7e5]} 12. Bf4 $146 ({Predecessor:} 12. Qh4 Ba6 13. d4 cxd4 14. cxd4 e6 15. Ng5 Nxg5 16. Bxg5 Rxb2 {½-½ (37) Von Bahr,O (2433)-Johansson,L (2459) Gothenburg 2017}) 12... Nd8 13. Qc4+ Ne6 14. Ng5 Rxb2 15. Nxe6 dxe6 16. Nd2 {[#]} g5 $1 {[%mdl 512]} 17. Bxg5 Bxe5 18. Qxc5 Bh2+ 19. Kh1 {Threatens to win with g3.} Bd6 20. Qc4 Rf7 21. Rab1 (21. Qh4 $16) 21... Rxb1 $14 22. Rxb1 c5 23. Nf3 Qc6 24. Bf4 Qa6 {[#] Hoping for ...Qxc4.} 25. Qxa6 ({White should play} 25. Rb5 $1 $16) 25... Bxa6 26. Ne5 $1 {[%cal Re5f7]} Bxe5 27. Bxe5 Bxd3 {[%mdl 4096] Endgame KRB-KRB} 28. Rb8+ Rf8 29. Rb7 Kf7 30. Bd6 Re8 31. Rxa7 Kf6 32. Bxc5 e5 {[%cal Be6e5,Be5e4][%mdl 32]} 33. a4 {[%cal Ba2a4,Ba4a5][%mdl 32]} f4 34. a5 h5 35. Rd7 e4 36. Kg1 Be2 {[#]} ({Black should try} 36... e5 $14) 37. Rd4 (37. Rc7 $1 $16) 37... Kf5 $11 38. Ra4 {aiming for a6.} Ba6 $1 39. f3 exf3 40. gxf3 {The position is equal.} e5 41. Rb4 Rc8 42. Bd6 Bd3 43. c4 Bxc4 {...Bd5 is the strong threat.} 44. Rb8 Rxb8 45. Bxb8 e4 46. fxe4+ Kxe4 47. Kf2 Ba6 48. h4 Bc4 {Precision: White = 67%, Black = 58%.} 1/2-1/2

[Event "2018 Spring Chess Classic B"]
[Site "Saint Louis"]
[Date "2018.03.07"]
[Round "2"]
[White "Mikhalevski, Victor"]
[Black "Khachiyan, Melikset"]
[Result "1-0"]
[WhiteElo "2557"]
[BlackElo "2525"]
[Annotator "TA"]
[PlyCount "119"]
[EventDate "2018.??.??"]
[EventType "tourn"]
[EventCountry "USA"]
[SourceTitle "playchess.com"]
[Source "ChessBase"]
[SourceQuality "1"]

{[%evp 19,119,6,18,0,0,-20,-26,-12,-19,-26,-21,-9,-13,-18,-29,-14,0,-14,0,0,0,0,0,0,79,73,83,83,72,78,92,89,92,88,127,94,218,168,193,50,82,0,0,0,0,0,0,0,0,-999,-396,-374,0,0,0,0,98,104,271,258,348,346,322,264,410,343,566,527,494,462,468,444,469,424,814,865,829,761,1232,1230,1245,1211,1158,1070,1793,1775,6107,12261,29972,29973,29973,29974,29974,29975,6083,5716,29980,29981,29982,29983,29978,29943]} 1. d4 Nf6 2. Bg5 e6 3. e3 h6 4. Bh4 c5 5. Nd2 d5 6. c3 {A45: Trompowsky Attack} Be7 (6... Nbd7 7. Bd3 e5 8. Ne2 Be7 9. O-O O-O 10. Bg3 exd4 11. exd4 Re8 12. dxc5 Nxc5 {0-1 (47) Vitiugov,N (2722)-Svidler,P (2765) St Petersburg 2017}) 7. Bd3 Nbd7 8. f4 {[%cal Bf2f4,Bf4e5][%mdl 32]} b6 9. Ngf3 Bb7 10. Ne5 O-O {LiveBook: 7 Games} 11. Qf3 Nxe5 12. fxe5 Ne4 $146 {[%cal Re4d2] White must now prevent ...Nxd2.} 13. Bxe7 Qxe7 14. Bxe4 dxe4 15. Qg3 f5 16. exf6 $1 Rxf6 17. O-O-O cxd4 18. exd4 e5 19. dxe5 Rf5 20. Nc4 Ba6 21. Ne3 $36 {[%mdl 2048] White is pushing.} Rxe5 (21... Rg5 $1 $11 22. Qh3 Bd3) 22. Nd5 $16 Rxd5 23. Rxd5 Qf7 24. Qe5 Bd3 25. b3 Rf8 (25... Qf2 $2 26. Rxd3 $1 {[%mdl 512]} Rf8 27. Rd7 $18) 26. Kb2 Qf2+ 27. Ka3 Qxg2 (27... b5 $16 {was worth a try.}) 28. Rd7 $18 Rf6 29. Rd1 (29. Ra1 $1 $18) 29... Qg4 $14 30. Qb8+ (30. Rd8+ $16 Kh7 31. Re1) 30... Kh7 $11 31. Qxa7 Rf5 32. b4 Rf2 33. Qc7 ({Much worse is} 33. Qxb6 Qe2 $17) 33... Rg2 ({And not} 33... Qxd1 34. Rxg7+ Kh8 35. Rh7+ Kg8 36. Qg7#) 34. Re1 $2 {[%mdl 8192]} (34. R1xd3 $11 exd3 35. Qd6) 34... Qh4 $2 (34... b5 {...Bc4 is the strong threat.} 35. Qd8 Qf5 36. Rxd3 Qf2) 35. Rxd3 $19 Qf2 $2 ({Weaker is} 35... exd3 36. Qe5 $11) ({Black should try} 35... Qxe1 $19 36. Rg3 Rxg3 37. hxg3 Qc1+ 38. Ka4 Qd1+ 39. Ka3 e3) 36. Qc4 $11 Qxe1 {[%mdl 4096] Endgame KQR-KQR} 37. Rd8 Qc1+ (37... b5 $11 {remains equal.} 38. Qg8+ Kg6 39. Qe8+ Kh7 40. Qg8+ Kg6 41. Qe8+ Kh7 42. Qg8+) 38. Ka4 $16 Qc2+ $2 (38... Qe3 $16) 39. Kb5 $18 Rg5+ 40. Kxb6 Qf2+ 41. Kb7 e3 (41... Qf6 {was called for.} 42. Qxe4+ Rg6) 42. Qe4+ Rg6 $2 (42... Rf5 43. Re8 g6) 43. Rd6 $1 Qf7+ 44. Kb6 e2 {[#]} 45. Rc6 $1 Qf2+ 46. Kb5 Qg2 (46... Qg1 $142 47. Qxe2 Qg5+ 48. Rc5 Qf4) 47. Qxg2 Rxg2 {KR-KR} 48. Re6 Rxh2 49. a4 {[%cal Ba2a4,Ba4a5,Ba5a6,Ba6a7][%mdl 32]} Rf2 50. a5 h5 51. c4 h4 52. a6 h3 53. a7 Rf8 54. Rxe2 g5 55. Ka6 g4 {[#]} 56. Rh2 $1 Rf6+ 57. Ka5 Rf1 58. b5 {White mates.} Ra1+ 59. Kb6 Kg6 60. c5 {Precision: White = 76%, Black = 34%.} 1-0

[Event "2018 Spring Chess Classic B"]
[Site "Saint Louis"]
[Date "2018.03.07"]
[Round "2"]
[White "Ali Marandi, Cemil Can"]
[Black "Kannapan, Priyadharshan"]
[Result "1/2-1/2"]
[WhiteElo "2538"]
[BlackElo "2513"]
[Annotator "TA"]
[PlyCount "82"]
[EventDate "2018.??.??"]
[EventType "tourn"]
[EventCountry "USA"]
[SourceTitle "playchess.com"]
[Source "ChessBase"]
[SourceQuality "1"]

{[%evp 10,82,37,17,8,20,48,27,37,9,34,47,66,12,14,-25,-27,-54,-52,-27,0,-21,-28,-26,-13,-16,-18,-56,-55,-53,-56,-68,-61,-61,-61,-58,-66,-64,-67,-70,-58,-72,-61,-65,-59,-100,-95,-95,-81,-86,-79,-136,-132,-124,-122,-134,-115,-127,-102,-102,-102,-107,-102,-114,-114,-105,-95,-95,-95,-95,-88,-94,-74,-85,-67]} 1. Nf3 d5 2. g3 Nd7 3. d4 Ngf6 4. Bg2 g6 5. O-O Bg7 6. Nbd2 {LiveBook: 4 Games. D02: 1 d4 d5 2 Nf3 sidelines, including 2...Nf6 3 g3 and 2...Nf6 3 Bf4} (6. a4 a5 7. c4 dxc4 8. Qc2 Nb6 9. e4 Bg4 10. Be3 Nfd7 11. Na3 O-O 12. Nxc4 Nxc4 13. Qxc4 {½-½ (34) Eljanov,P (2707)-Nakamura,H (2780) Palma de Mallorca 2017}) 6... c5 7. c4 cxd4 8. Nxd4 {White is slightly better.} O-O 9. cxd5 Nb6 $146 ({Find the theoretical novelty and annotate with similar games:} 9... Nxd5 10. N2b3 Ne5 11. Bg5 h6 12. Bd2 Nc4 13. Rc1 Ndb6 14. Bc3 Nd5 15. Qd3 Nxc3 16. Qxc3 {½-½ (32) Goffin,P (2331)-Iniguez,M (2291) ICCF email 2015}) 10. e4 Nfxd5 11. N2f3 (11. exd5 $14 Bxd4 12. Ne4) 11... Nc7 $11 12. h3 Ne6 13. Nb3 Qxd1 14. Rxd1 a5 15. Rb1 a4 16. Na1 Rd8 17. Rxd8+ Nxd8 18. Be3 Nc4 19. Bd4 {[#]} Nd2 $1 $36 {[%mdl 2560] White is under pressure.} 20. Nxd2 {Threatens to win with Bxg7.} Bxd4 21. Nc2 Bg7 22. Nc4 Be6 23. Nb6 Ra5 24. Nd5 Nc6 25. Nce3 Kf8 26. b4 axb3 27. axb3 Ra2 28. b4 Nd4 29. Rd1 Bd7 30. Nc4 (30. Nc3 $142 Ra3 31. e5 Rxc3 32. Rxd4) 30... Ba4 31. Rd2 Rxd2 32. Nxd2 Nc2 33. Nc4 {Black is better.} e6 34. Ndb6 Bc6 ({Reject} 34... Nxb4 $6 35. Nxa4 b5 36. Nab6 $11) 35. e5 Nxb4 36. Na5 Bxg2 37. Kxg2 Nc6 38. Nxc6 bxc6 39. f4 Ke8 40. Kf3 Bf8 41. Ke4 h5 {Precision: White = 45%, Black = 69%.} 1/2-1/2

[Event "2018 Spring Chess Classic B"]
[Site "Saint Louis"]
[Date "2018.03.07"]
[Round "2"]
[White "Gorovets, Andrey"]
[Black "Shtembuliak, Evgeny"]
[Result "1-0"]
[WhiteElo "2496"]
[BlackElo "2507"]
[Annotator "TA"]
[PlyCount "53"]
[EventDate "2018.??.??"]
[EventType "tourn"]
[EventCountry "USA"]
[SourceTitle "playchess.com"]
[Source "ChessBase"]
[SourceQuality "1"]

{[%evp 22,53,-28,-25,0,-68,-54,-67,-36,-105,-100,-156,-155,-138,-126,-190,-190,-208,-174,-236,-147,-329,-284,-306,-318,-287,-100,-96,-102,-88,29995,29996,29996,29997]} 1. d4 Nf6 2. c4 e6 3. Nc3 Bb4 4. g3 O-O 5. Bg2 d5 6. a3 Be7 7. Nf3 dxc4 8. O-O Nc6 {[%cal Bb8c6,Bc6a5,Ba5b3][%mdl 32]} 9. e4 {E20: Nimzo-Indian: 4 g3 and 4 f3} Na5 10. Be3 Rb8 11. Qe2 b5 12. Rad1 {LiveBook: 4 Games} a6 13. Ne5 (13. d5 $1 $11) 13... Bb7 $15 14. g4 {[#]} Nb3 $146 ({Predecessor:} 14... Ne8 15. d5 exd5 16. Nxd5 Nd6 {1-0 (24) Sambuev,B (2522)-Wei,Y (2753) Tbilisi 2017}) 15. g5 (15. d5 $15 exd5 16. exd5) 15... Nd7 $17 16. f4 (16. Nxd7 $142 Qxd7 17. f4) 16... Nxe5 17. dxe5 Qe8 18. Rf3 (18. f5 $17) 18... Rd8 $19 19. Rh3 g6 20. Rh6 (20. Rxd8 {was necessary.} Qxd8 21. Qf2) 20... Qc6 21. Nd5 $2 (21. Rf1 $17 {was worth a try.}) 21... exd5 22. exd5 Qd7 23. Qe1 {[#] Black must now prevent Qh4.} Kg7 $2 (23... Bc8 $19 {has better winning chances. And now ...Rfe8 would win.} 24. Bh3 Qxh3 25. Rxh3 Bxh3) 24. Bh3 $17 Qe8 25. f5 gxf5 $2 {[%mdl 8192] [#]} (25... Rh8 $17 26. f6+ Kg8 27. fxe7 Qxe7) 26. Rxh7+ $1 {[%mdl 512]} Kxh7 27. Qh4+ {Precision: White = 43%, Black = 31%.} 1-0